| 000 | 00588nam a2200205Ia 4500 | ||
|---|---|---|---|
| 003 | OSt | ||
| 005 | 20220926034032.0 | ||
| 006 | a|||||r|||| 00| 0 | ||
| 007 | ta | ||
| 008 | 220923b |||||||| |||| 00| 0 eng d | ||
| 037 | _cGeneral Book | ||
| 040 |
_aRTL _cRTL _beng |
||
| 041 |
_2eng _aeng |
||
| 082 | _aU111.7361.N85, M5 | ||
| 245 | 0 | _aTechnical Papers 45th Annual Meeting ACSM. | |
| 260 |
_aWashington _bAmerican Congress on Surveying and Mapping _c1985 |
||
| 300 |
_axv; 564p. _ccm. |
||
| 942 |
_hU111.7361.N85, M5 _cGB _2CC |
||
| 999 |
_c658557 _d658557 |
||